Contratación de obra versus concesión de obra pública (Registro nro. 29104)
[ vista simple ]
| 000 -LEADER | |
|---|---|
| fixed length control field | 00354 a2200121 4500 |
| 001 - CONTROL NUMBER | |
| control field | ART_26212 |
| 005 - DATE AND TIME OF LATEST TRANSACTION | |
| control field | 20260410161937.0 |
| 008 - FIXED-LENGTH DATA ELEMENTS--GENERAL INFORMATION | |
| fixed length control field | 260409a |
| 100 1# - MAIN ENTRY--PERSONAL NAME | |
| Personal name | Beltrán, Carlos |
| 245 10 - TITLE STATEMENT | |
| Title | Contratación de obra versus concesión de obra pública |
| 700 1# - ADDED ENTRY--PERSONAL NAME | |
| Personal name | Dutto, Martín L. |
| 773 0# - HOST ITEM ENTRY | |
| Title | SaberEs |
| Related parts | - Nº 4 (jun. 2012) |
| Record control number | REV26089 |
No hay ítems disponibles.